000
00229nam a22000977a 4500
999
_c
16132
_d
16132
003
OSt
008
191108b ||||| |||| 00| 0 eng d
100
_a
Shahane.
_9
4562
245
_a
Surveying in question & answer paper 1
942
_c
BK